书目信息 |
| 题名: |
信号工
|
|
| 作者: | ;铁道部人才服务中心 组织编写 | |
| 分册: | ||
| 出版信息: | 北京 中国铁道出版社 2008.11 |
|
| 页数: | 309页 | |
| 开本: | 26cm | |
| 丛书名: | ||
| 单 册: | ||
| 中图分类: | U284 | |
| 科图分类: | ||
| 主题词: | 铁路信号--职业技能鉴定 | |
| 电子资源: | ||
| ISBN: | 978-7-113-09082-1 | |
| 000 | 00877nam0 2200229 450 | |
| 001 | 1060730125 | |
| 005 | 20100811165530.20 | |
| 010 | @a978-7-113-09082-1@dCNY45.00 | |
| 100 | @a20100515d2008 km y0chiy0120 ea | |
| 101 | 0 | @achi |
| 102 | @aCN@b110000 | |
| 105 | @ay z 000yy | |
| 200 | 1 | @a信号工@Axin hao gong@e车站与区间信号设备维修@f铁道部人才服务中心组织编写@Ftie dao bu ren cai fu wu zhong xin zu zhi bian xie |
| 210 | @a北京@c中国铁道出版社@d2008.11 | |
| 215 | @a309页@d26cm | |
| 330 | @a本书分为七大部分,有信号工(车站与区间信号设备维修)初级练习题992道、中级练习题963题、高级练习题577道等。 | |
| 517 | 1 | @a车站与区间信号设备维修@Ache zhan yu qu jian xin hao she bei wei xiu |
| 606 | 0 | @a铁路信号@x职业技能鉴定 |
| 690 | @aU284@v4 | |
| 711 | 02 | @a铁道部人才服务中心@Atie dao bu ren cai fu wu zhong xin@4组织编写 |
| 801 | 0 | @aCN@c20100515 |
| 905 | @dU284@eT730@f5 | |
| 信号工:车站与区间信号设备维修/铁道部人才服务中心组织编写.-北京:中国铁道出版社,2008.11 |
| 309页;26cm |
| ISBN 978-7-113-09082-1:CNY45.00 |
| 本书分为七大部分,有信号工(车站与区间信号设备维修)初级练习题992道、中级练习题963题、高级练习题577道等。 |
| ● |
| 相关链接 |
|
|
|
正题名:信号工
索取号:U284/T730
 
预约/预借
| 序号 | 登录号 | 条形码 | 馆藏地/架位号 | 状态 | 备注 |
| 1 | 1024905 | 210249051 | 自科库501/501自科库 50排2列5层/ [索取号:U284/T730] | 在馆 | |
| 2 | 1024906 | 210249060 | 自科库501/501自科库 50排2列5层/ [索取号:U284/T730] | 在馆 | |
| 3 | 1024907 | 210249079 | 自科库501/501自科库 50排2列5层/ [索取号:U284/T730] | 在馆 | |
| 4 | 1024908 | 210249088 | 土木与交通工程学院资料室/土木与交通学院资料室 1排1列1层/ [索取号:U284/T730] | 在馆 | |
| 5 | 1024909 | 210249097 | 土木与交通工程学院资料室/土木与交通学院资料室 1排1列1层/ [索取号:U284/T730] | 在馆 |